000 00586nam a2200181Ia 4500
003 LDD
008 190117s9999 xx 000 0 und d
020 _a8170554087
_c₹395
040 _cLDD
041 _ahi
082 _a8h3.7 शा7392ह
100 _aशास्त्री, शशिप्रभा
245 0 _aहर दिन इतिहास
_cशशिप्रभा शास्त्री
260 _aनई दिल्ली
_bवाणी
_c1995
300 _a158
904 _aReqst by : रीता रानी पालीवाल
942 _2ddc
_cH
999 _c171595
_d171595